Menová politika v SR od počiatkov transformácie do vstupu do ERM II diplomová práca

Gespeichert in:
Bibliographische Detailangaben
1. Verfasser: Némethová, Iveta
Körperschaft: Národohospodárska fakulta EU. Katedra bankovníctva a medzinárodných financií
Weitere Verfasser: Nemec, Marián
Format: Buch
Sprache:Slowakisch
Veröffentlicht: Bratislava 2008
Tags: Tag hinzufügen
Keine Tags, Fügen Sie das erste Tag hinzu!

MARC

LEADER 00000nam$a2200000$$$4500
001 0076814
005 20240201115559.7
041 0 |a slo 
044 |a SK 
245 1 0 |a Menová politika v SR od počiatkov transformácie do vstupu do ERM II  |b diplomová práca  |c Iveta Némethová ; škol. Marián Nemec 
264 1 |a Bratislava  |c 2008 
300 |a 73 s. 
100 1 |a Némethová, Iveta 
700 1 |a Nemec, Marián 
710 2 |a Národohospodárska fakulta EU. Katedra bankovníctva a medzinárodných financií